Bones of the foot - Statistics

General Stats
  • This quiz has been taken 235 times
  • The average score is 5 of 9
Answers on the Map
Answers color-coded by a green-red scale on the quiz's map according to % correct below.
 
Answer Stats
Answer % Correct
Talus
75%
Calcaneus
70%
Navicular Bone
69%
Cuboid Bone
67%
Distal Phalanges (5)
64%
Proximal Phalanges (5)
62%
Intermediate Phalanges (4)
43%
Cuneiformes Bones (3)
5%
Metatarsus (5)
2%
No matching quizzes found
Score Distribution
Percent of People with Each Score
Percentile by Number Answered
Your Score History
You have not taken this quiz